Chile y Bolivia: esquema de un proceso diplomático

Shranjeno v:
Bibliografske podrobnosti
Glavni avtor: Eyzaguirre Gutiérrez, Jaime (autor)
Format: Knjiga
Jezik:španščina
Izdano: Santiago Zig-Zag 1963
Izdaja:3a. ed
Teme:
Oznake: Označite
Brez oznak, prvi označite!

MARC

LEADER 00000nam a2200000 a 4500
001 UCT9270
003 CL-VaPUC
008 970404e19630000CL |||||||||||||||||spa|d
082 0 4 |a 327.2  |b EYZ  |2 21 
100 |a Eyzaguirre Gutiérrez, Jaime  |e autor  |9 584583 
245 1 0 |a Chile y Bolivia: esquema de un proceso diplomático 
250 |a 3a. ed 
300 |a 66 p 
942 |c BK 
945 |d 19970404 00:00:00  |a paguirre 
260 |a Santiago  |b Zig-Zag  |c 1963 
650 0 |a Relaciones Internacionales  |9 255740 
650 0 |a Diplomacia  |9 256483 
650 0 |a Conflicto internacional  |9 341259 
650 0 |a Tratados internacionales   |9 256056 
650 0 |a Paz  |9 259242 
651 7 |a CHILE  |2 CL-VaPUC  |9 381834 
651 0 |a Bolivia  |9 255454 
583 |a last modification  |c 20160602 17:24:27  |k Rodrigo Vera 
999 |c 257686  |d 257684 
952 |0 0  |1 0  |4 0  |6 327_200000000000000_EYZ_1963  |7 0  |8 A  |9 281282  |a BIBDER  |b BIBDER  |d 2019-11-19  |i 181964K  |l 1  |m 2  |o 327.2 EYZ 1963  |p 181964K  |q 2025-12-31  |r 2020-03-19  |s 2020-03-19  |w 2019-11-19  |y BK  |k DER 
952 |0 0  |1 0  |4 0  |6 327_200000000000000_EYZ_1963  |7 0  |8 A  |9 281283  |a BIBHIS  |b BIBHIS  |d 2019-11-19  |i 1251503  |o 327.2 EYZ 1963  |p 1251503  |r 2025-01-20  |w 2019-11-19  |y BK  |k HIS 
952 |0 0  |1 0  |4 0  |6 327_200000000000000_EYZ_1963  |7 0  |8 A  |9 281284  |a BIBHIS  |b BIBHIS  |d 2019-11-19  |i 1251511  |o 327.2 EYZ 1963  |p 1251511  |r 2025-01-20  |w 2019-11-19  |y BK  |k HIS 
952 |0 0  |1 0  |4 0  |6 327_200000000000000_EYZ_1963  |7 0  |8 A  |9 281285  |a BIBHIS  |b BIBHIS  |d 2019-11-19  |i 125152K  |o 327.2 EYZ 1963  |p 125152K  |r 2025-01-20  |w 2019-11-19  |y BK  |k HIS 
952 |0 0  |1 0  |4 0  |6 327_200000000000000_EYZ_1963  |7 0  |8 A  |9 281286  |a BIBHIS  |b BIBHIS  |d 2019-11-19  |i 1251538  |o 327.2 EYZ 1963  |p 1251538  |r 2025-01-20  |w 2019-11-19  |y BK  |k HIS 
952 |0 0  |1 0  |4 0  |6 327_200000000000000_EYZ_1963  |7 0  |8 DER_HDC  |9 281287  |a BIBDER  |b BIBDER  |d 2019-11-19  |i 3816370  |o 327.2 EYZ 1963  |p 3816370  |r 2023-01-25  |w 2019-11-19  |x Ubicación 4to Piso  |y BK  |z Estos recursos deben solicitarse con anticipación  |k DER 
952 |0 0  |1 0  |4 0  |6 327_200000000000000_EYZ_1963  |7 0  |8 A  |9 281288  |a BIBHIS  |b BIBHIS  |d 2019-11-19  |i 4517555  |o 327.2 EYZ 1963  |p 4517555  |r 2025-01-20  |w 2019-11-19  |y BK  |k HIS